Video Games by screenshots - Statistics

General Stats
  • This quiz has been taken 140 times
  • The average score is 8 of 16
Answer Stats
Picture Answer % Correct
Stardew Valley
84%
Portal 2
81%
Geometry Dash
80%
GTA 4
75%
Bioshock
71%
TABS
55%
The Forest
52%
The witcher 2
49%
Stick fight
45%
Arkham Knight
44%
Euro Truck Simulator 2
44%
House Flipper
34%
People Playground
26%
Cities Skylines
22%
Call of Duty Modern Warfare 2
16%
Mount & Blade: Warband
11%
No matching quizzes found
Score Distribution
Percent of People with Each Score
Percentile by Number Answered
Your Score History
You have not taken this quiz